ARRUPE JESUIT UNIVERSITY

CORONAVIRUS -STOP THE SPREAD - CLEAN,DISINFECT,COVER

Let us die fighting : (Record no. 124474)

MARC details
000 -LEADER
fixed length control field 01328cam a2200385 a 4500
001 - CONTROL NUMBER
control field 3276034
003 - CONTROL NUMBER IDENTIFIER
control field ARRUPE
005 - DATE AND TIME OF LATEST TRANSACTION
control field 20160323122133.0
008 - FIXED-LENGTH DATA ELEMENTS--GENERAL INFORMATION
fixed length control field 820119s1980 enk b 001 0 eng
010 ## - LIBRARY OF CONGRESS CONTROL NUMBER
LC control number 81670146
015 ## - NATIONAL BIBLIOGRAPHY NUMBER
National bibliography number GB***
020 ## - INTERNATIONAL STANDARD BOOK NUMBER
International Standard Book Number 0905762479
020 ## - INTERNATIONAL STANDARD BOOK NUMBER
International Standard Book Number 0905762371 (pbk.)
040 ## - CATALOGING SOURCE
Original cataloging agency DLC
Transcribing agency DLC
Modifying agency DLC
041 1# - LANGUAGE CODE
Language code of text/sound track or separate title engger
043 ## - GEOGRAPHIC AREA CODE
Geographic area code f-sx---
050 00 - LIBRARY OF CONGRESS CALL NUMBER
Classification number DT714
Item number .D713
082 00 - DEWEY DECIMAL CLASSIFICATION NUMBER
Classification number 968.8/02
Edition number 19
300 ## - PHYSICAL DESCRIPTION
Dimensions 22 cm.
100 1# - MAIN ENTRY--PERSONAL NAME
Personal name Drechsler, Horst.
9 (RLIN) 23323
245 10 - TITLE STATEMENT
Title Let us die fighting :
Remainder of title the struggle of the Herero and Nama against German imperialism (1884-1915) /
Statement of responsibility, etc Horst Drechsler ;
260 ## - PUBLICATION, DISTRIBUTION, ETC. (IMPRINT)
Place of publication, distribution, etc Berlin :
Name of publisher, distributor, etc Akademie-Verlag,
Date of publication, distribution, etc 1966.
300 ## - PHYSICAL DESCRIPTION
Extent x, 277 p. ;
500 ## - GENERAL NOTE
General note Translation of: Südwestafrika unter deutscher Kolonialherrschaft.
500 ## - GENERAL NOTE
General note Series on jacket: Africa series.
500 ## - GENERAL NOTE
General note Includes index.
504 ## - BIBLIOGRAPHY, ETC. NOTE
Bibliography, etc Bibliography: p. 256-275.
650 #0 - SUBJECT ADDED ENTRY--TOPICAL TERM
Topical term or geographic name as entry element Herero (African people)
Geographic subdivision Namibia
General subdivision History.
9 (RLIN) 23324
650 #0 - SUBJECT ADDED ENTRY--TOPICAL TERM
Topical term or geographic name as entry element Nama (African people)
General subdivision History.
9 (RLIN) 23325
651 #0 - SUBJECT ADDED ENTRY--GEOGRAPHIC NAME
Geographic name Namibia
General subdivision History
Chronological subdivision 1884-1915.
9 (RLIN) 23326
651 #0 - SUBJECT ADDED ENTRY--GEOGRAPHIC NAME
Geographic name Namibia
General subdivision History
Chronological subdivision Herero Revolt, 1904-1907.
9 (RLIN) 23327
651 #0 - SUBJECT ADDED ENTRY--GEOGRAPHIC NAME
Geographic name Namibia
General subdivision History
Chronological subdivision Nama Revolt, 1904-1908.
9 (RLIN) 23328
740 0# - ADDED ENTRY--UNCONTROLLED RELATED/ANALYTICAL TITLE
Uncontrolled related/analytical title Africa series (Zed Press)
906 ## - LOCAL DATA ELEMENT F, LDF (RLIN)
a 7
b cbc
c orignew
d 3
e ncip
f 19
g y-gencatlg
942 ## - ADDED ENTRY ELEMENTS (KOHA)
Source of classification or shelving scheme Library of Congress Classification
Koha item type Monograph ( Printed materials)
Holdings
Withdrawn status Lost status Source of classification or shelving scheme Damaged status Not for loan Collection code Home library Current library Shelving location Date acquired Total Checkouts Full call number Barcode Date last seen Price effective from Koha item type
    Library of Congress Classification     Main Collection ARRUPE LIBRARY ARRUPE LIBRARY Main Collection 23/03/2016   DT714 .D713 46500007071 07/12/2017 23/03/2016 Monograph ( Printed materials)

 

Arrupe Library. PO Box MP320 Mt Pleasant, Harare, Zimbabwe
263 242 745411|librarian@aju.ac.zw